[Event "Bad Woerishofen op 26th"]
[Site "Bad Woerishofen"]
[Date "2010.03.11"]
[Round "6"]
[White "Mainka, Romuald"]
[Black "Vandrey, Wolfgang"]
[Result "1-0"]
[WhiteElo "2510"]
[BlackElo "2295"]
[PlyCount "57"]
[EventDate "2010.03.06"]
[EventType "swiss"]
[EventRounds "9"]
[EventCountry "GER"]
[SourceTitle "CBM 135 Extra"]
[Source "ChessBase"]
[SourceDate "2010.05.04"]
[SourceVersion "1"]
[SourceVersionDate "2010.05.04"]
[SourceQuality "1"]

1. e4 c5 2. Nf3 e6 3. d4 cxd4 4. Nxd4 a6 5. Bd3 Bc5 6. Nb3 Be7 7. Qg4 g6 8. Qe2 d6 9. 0-0 Qc7 10. a4 b6 11. Na3 Bb7 12. a5 b5 13. c4 bxc4 14. Nxc4 Nd7 15. Nb6 Nxb6 16. axb6 Qxb6 17. Na5 Rb8 18. Be3 Qb4 19. Rfc1 Bxe4 20. Bxe4 Qxe4 21. Nc6 Ra8 22. Rxa6 Rxa6 23. Qxa6 Kf8 24. Nxe7 Kxe7 25. Rc7+ Kf8 26. Qxd6+ Kg7 27. Bd4+ Nf6 28. Bxf6+ Kxf6 29. Qe7+ 1-0

[Event "Bad Woerishofen op 26th"]
[Site "Bad Woerishofen"]
[Date "2010.03.06"]
[Round "1"]
[White "Vandrey, Wolfgang"]
[Black "Haugg, Gerhard"]
[Result "1-0"]
[WhiteElo "2295"]
[BlackElo "1975"]
[PlyCount "47"]
[EventDate "2010.03.06"]
[EventType "swiss"]
[EventRounds "9"]
[EventCountry "GER"]
[SourceTitle "CBM 135 Extra"]
[Source "ChessBase"]
[SourceDate "2010.05.04"]
[SourceVersion "1"]
[SourceVersionDate "2010.05.04"]
[SourceQuality "1"]

1. d4 e6 2. g3 d5 3. c4 c6 4. Nf3 dxc4 5. Bg2 b5 6. 0-0 Nf6 7. Ne5 Bb7 8. a4 Qc7 9. b3 cxb3 10. Qxb3 a6 11. Bf4 Nd5 12. Bxd5 exd5 13. Ng6 Bd6 14. Qe3+ Kd8 15. Nxh8 Bxf4 16. gxf4 Qe7 17. Na3 Nd7 18. axb5 cxb5 19. Rac1 Qe8 20. Qc3 Rc8 21. Qa5+ Ke7 22. Rxc8 Bxc8 23. Qc7 Qd8 24. Rc1 1-0

[Event "Hamburg-ch int"]
[Site "Hamburg"]
[Date "2004.05.30"]
[Round "3"]
[White "Vandrey, Wolfgang"]
[Black "Engelbert, Christoph"]
[Result "1-0"]
[WhiteElo "2302"]
[BlackElo "2213"]
[PlyCount "49"]
[EventDate "2004.05.29"]
[EventType "swiss"]
[EventRounds "9"]
[EventCountry "GER"]
[SourceTitle "CBM 100 Extra"]
[Source "ChessBase"]
[SourceDate "2004.07.06"]
[SourceVersion "2"]
[SourceVersionDate "2004.07.06"]
[SourceQuality "1"]

1. d4 g6 2. Nf3 Bg7 3. g3 Nf6 4. Bg2 0-0 5. 0-0 d6 6. c4 c6 7. b3 Bg4 8. Bb2 Qd7 9. Nbd2 Bh3 10. e4 Bxg2 11. Kxg2 e6 12. e5 dxe5 13. dxe5 Ng4 14. h3 Nh6 15. Ne4 Rd8 16. Qxd7 Nxd7 17. g4 Bf8 18. Bc1 Kg7 19. Bg5 Rdc8 20. Rad1 Rc7 21. Rd3 Nb6 22. Bf6+ Kg8 23. Rfd1 Be7 24. Bxe7 Rxe7 25. Rd8+ 1-0

[Event "Eger"]
[Site "Eger"]
[Date "1997.??.??"]
[Round "9"]
[White "Vandrey, Wolfgang"]
[Black "De Sousa, Jose Claude"]
[Result "1-0"]
[WhiteElo "2275"]
[BlackElo "2240"]
[PlyCount "81"]
[EventDate "1997.??.??"]
[EventType "tourn"]
[EventRounds "11"]
[EventCountry "HUN"]
[EventCategory "4"]
[SourceTitle "EXT 2001"]
[Source "ChessBase"]
[SourceDate "2000.11.22"]
[SourceVersion "1"]
[SourceVersionDate "2000.11.22"]
[SourceQuality "1"]

1. d4 Nf6 2. Nf3 e6 3. g3 c5 4. Bg2 a6 5. 0-0 cxd4 6. Nxd4 Qc7 7. Nb3 Be7 8. Bf4 d6 9. c4 Nbd7 10. Nc3 Rb8 11. Rc1 b6 12. Nd2 Nh5 13. Be3 Bb7 14. Bxb7 Qxb7 15. Nde4 Qc7 16. Bg5 Nhf6 17. Bf4 Ne5 18. Bxe5 dxe5 19. Qa4+ Qd7 20. Nxf6+ Bxf6 21. Qxa6 0-0 22. Rfd1 Qc7 23. Qb5 Bg5 24. Rd7 Qxd7 25. Qxd7 Bxc1 26. b3 Rbd8 27. Qb5 Rd2 28. e3 Rc2 29. Na4 Rd8 30. Qxb6 Rd1+ 31. Kg2 h6 32. Qb8+ Kh7 33. Qxe5 Rdd2 34. Qe4+ f5 35. Qf3 Rxa2 36. Nc5 Rd6 37. Nxe6 Rxe6 38. Qxf5+ Rg6 39. h4 Bxe3 40. h5 Rxf2+ 41. Qxf2 1-0

[Event "Eger"]
[Site "Eger"]
[Date "1997.??.??"]
[Round "11"]
[White "Vandrey, Wolfgang"]
[Black "Feher, Gyula"]
[Result "0-1"]
[WhiteElo "2275"]
[BlackElo "2380"]
[PlyCount "82"]
[EventDate "1997.??.??"]
[EventType "tourn"]
[EventRounds "11"]
[EventCountry "HUN"]
[EventCategory "4"]
[SourceTitle "EXT 2001"]
[Source "ChessBase"]
[SourceDate "2000.11.22"]
[SourceVersion "1"]
[SourceVersionDate "2000.11.22"]
[SourceQuality "1"]

1. d4 Nf6 2. Nf3 g6 3. g3 b6 4. Bg2 Bb7 5. 0-0 Bg7 6. c4 0-0 7. d5 c6 8. Nc3 cxd5 9. cxd5 e6 10. e4 exd5 11. exd5 Na6 12. Nd4 Ne8 13. Bf4 Qf6 14. Nf3 Qd8 15. Qd2 Rc8 16. Rfe1 Nc5 17. Nd4 Ba6 18. Ndb5 Bxb5 19. Nxb5 a6 20. Nd4 Nf6 21. Bg5 b5 22. Rad1 Qb6 23. Qf4 Rfe8 24. Rxe8+ Rxe8 25. Bh6 Bxh6 26. Qxh6 Qa5 27. Nf5 Re1+ 28. Bf1 Ne8 29. Rxe1 Qxe1 30. Qe3 Qxe3 31. Nxe3 Kf8 32. f4 Ke7 33. Kf2 Kd6 34. Ke2 Na4 35. Kd3 Nxb2+ 36. Kd4 Na4 37. g4 Nb6 38. g5 f5 39. h4 Ng7 40. Be2 Nxd5 41. Nxd5 Ne6+ 0-1

[Event "Budapest FS12 IM-A"]
[Site "Budapest"]
[Date "1997.??.??"]
[Round "11"]
[White "Vandrey, Wolfgang"]
[Black "Karatorossian, David"]
[Result "0-1"]
[WhiteElo "2300"]
[BlackElo "2335"]
[PlyCount "46"]
[EventDate "1997.??.??"]
[EventType "tourn"]
[EventRounds "11"]
[EventCountry "HUN"]
[SourceTitle "EXT 1999"]
[Source "ChessBase"]
[SourceDate "1998.11.16"]
[SourceVersion "1"]
[SourceVersionDate "1998.11.16"]
[SourceQuality "1"]

1. d4 Nf6 2. Nf3 g6 3. Bg5 Bg7 4. c3 0-0 5. Nbd2 d6 6. e4 c5 7. dxc5 dxc5 8. Bc4 Nc6 9. 0-0 Qc7 10. h3 Rd8 11. Qc2 h6 12. Be3 b6 13. Nh2 Bb7 14. f4 e5 15. f5 g5 16. Be2 Rd7 17. Rfd1 Rad8 18. Nhf1 Nd4 19. cxd4 exd4 20. Bb5 dxe3 21. Bxd7 e2 22. Bb5 exd1Q 23. Rxd1 Nxe4 0-1

[Event "Berliner Sommer 15th"]
[Site "Berlin"]
[Date "1997.??.??"]
[Round "5"]
[White "Vandrey, Wolfgang"]
[Black "Suetin, Alexey S"]
[Result "1/2-1/2"]
[WhiteElo "2300"]
[BlackElo "2410"]
[PlyCount "76"]
[EventDate "1997.08.??"]
[EventType "swiss"]
[EventRounds "9"]
[EventCountry "GER"]
[SourceTitle "CBM 059 Extra"]
[Source "ChessBase"]
[SourceDate "1997.09.26"]
[SourceVersion "1"]
[SourceVersionDate "1997.09.26"]
[SourceQuality "1"]

1. d4 Nf6 2. Nf3 c5 3. d5 g6 4. Nc3 d6 5. e4 Bg7 6. Bb5+ Nfd7 7. a4 0-0 8. 0-0 Na6 9. Re1 Nc7 10. Bf1 b6 11. Bf4 a6 12. Qd2 Rb8 13. Rab1 b5 14. axb5 Nxb5 15. Nxb5 axb5 16. b4 Ba6 17. bxc5 Nxc5 18. Nd4 Bxd4 19. Qxd4 f6 20. Bh6 Re8 21. h4 Nd7 22. Rb2 Qb6 23. Qd2 Ne5 24. Be3 Qc7 25. Bd4 Nc4 26. Bxc4 bxc4 27. Rxb8 Rxb8 28. c3 Qd7 29. Qa2 Ra8 30. f4 Qc8 31. Rb1 Bb5 32. Qe2 Be8 33. Rb6 Ra6 34. Rb2 Ra8 35. Kh2 h5 36. g4 hxg4 37. Kg3 Rb8 38. Rd2 Rb7 1/2-1/2

[Event "Budapest FS12 IM-A"]
[Site "Budapest"]
[Date "1997.??.??"]
[Round "1"]
[White "Varga, Peter"]
[Black "Vandrey, Wolfgang"]
[Result "1-0"]
[WhiteElo "2395"]
[BlackElo "2300"]
[PlyCount "89"]
[EventDate "1997.??.??"]
[EventType "tourn"]
[EventRounds "11"]
[EventCountry "HUN"]
[SourceTitle "EXT 1999"]
[Source "ChessBase"]
[SourceDate "1998.11.16"]
[SourceVersion "1"]
[SourceVersionDate "1998.11.16"]
[SourceQuality "1"]

1. d4 Nf6 2. c4 d6 3. Nc3 Nbd7 4. e4 e5 5. Nf3 c6 6. Be2 Be7 7. 0-0 0-0 8. Qc2 Qc7 9. Rd1 a6 10. Rb1 Re8 11. Bg5 b5 12. b4 Bb7 13. dxe5 Nxe5 14. Nxe5 dxe5 15. Be3 Rac8 16. Rdc1 c5 17. bxc5 Bxc5 18. Nd5 Qd6 19. Qd3 Bxd5 20. cxd5 Ba3 21. Rc2 Rxc2 22. Qxc2 h6 23. Rb3 Bb4 24. f3 Re7 25. Qc6 Rc7 26. Qxd6 Bxd6 27. a4 bxa4 28. Rb6 Rd7 29. Rxa6 a3 30. Kf2 Kf8 31. Rxd6 Rxd6 32. Bc5 Ke7 33. Bxa3 Kd7 34. Bb5+ Kc7 35. Bxd6+ Kxd6 36. Ke3 g5 37. g3 Ng8 38. Kd3 Kc5 39. Be8 f6 40. Bd7 Ne7 41. Kc3 Kd6 42. Bg4 Kc5 43. Kd3 Ng6 44. Ke2 Nh8 45. Bh5 1-0

[Event "Pardubice op"]
[Site "Pardubice"]
[Date "1995.??.??"]
[Round "?"]
[White "Mokry, Karel"]
[Black "Vandrey, Wolfgang"]
[Result "1/2-1/2"]
[WhiteElo "2505"]
[BlackElo "2245"]
[PlyCount "32"]
[EventDate "1995.07.??"]
[EventType "swiss"]
[EventRounds "9"]
[EventCountry "CZE"]
[SourceTitle "EXT 1997"]
[Source "ChessBase"]
[SourceDate "1996.11.15"]
[SourceVersion "1"]
[SourceVersionDate "1996.11.15"]
[SourceQuality "1"]

1. e4 c5 2. Nf3 e6 3. d4 cxd4 4. Nxd4 Nc6 5. Nc3 a6 6. f4 Nxd4 7. Qxd4 b5 8. Bd3 Bb7 9. 0-0 Qc7 10. b4 Qd6 11. Qxd6 Bxd6 12. Rb1 Ne7 13. a4 bxa4 14. Nxa4 Bc6 15. Nb6 Rb8 16. Nc4 Bc7 1/2-1/2

[Event "Groningen op"]
[Site "Groningen"]
[Date "1995.??.??"]
[Round "?"]
[White "Roeder, Mathias"]
[Black "Vandrey, Wolfgang"]
[Result "1-0"]
[WhiteElo "2460"]
[BlackElo "2245"]
[PlyCount "81"]
[EventDate "1995.12.??"]
[EventType "swiss"]
[EventRounds "11"]
[EventCountry "NED"]
[SourceTitle "CBM 050 Extra"]
[Source "ChessBase"]
[SourceDate "1996.03.01"]
[SourceVersion "1"]
[SourceVersionDate "1996.03.01"]
[SourceQuality "1"]

1. d4 d5 2. c4 e6 3. Nf3 c5 4. cxd5 exd5 5. g3 Nc6 6. Bg2 c4 7. 0-0 Bb4 8. Ne5 Nge7 9. Nxc6 bxc6 10. b3 cxb3 11. axb3 0-0 12. Ba3 Qb6 13. Bxb4 Qxb4 14. Ra4 Qb6 15. Qd3 a5 16. Qc3 Nf5 17. Rc1 Bd7 18. Nd2 Nd6 19. Qc5 Qxc5 20. Rxc5 Nb7 21. Rc1 Rac8 22. Ra2 Rfe8 23. e3 Ra8 24. Nf3 f6 25. Ne1 Kf8 26. Bf3 Ke7 27. Nd3 Kd6 28. Bd1 Reb8 29. g4 g5 30. Rca1 Ra7 31. h3 Be8 32. b4 Bg6 33. Be2 Rba8 34. Nc5 Nxc5 35. dxc5+ Ke5 36. Rxa5 Rxa5 37. Rxa5 Rb8 38. Ra7 Ke6 39. Ba6 h6 40. Rc7 Be8 41. Bc8+ 1-0

[Event "BL2-Nord 9495"]
[Site "Germany"]
[Date "1995.??.??"]
[Round "9.4"]
[White "Vandrey, Wolfgang"]
[Black "Maxion, Dirk"]
[Result "0-1"]
[WhiteElo "2280"]
[BlackElo "2255"]
[PlyCount "60"]
[EventDate "1994.10.??"]
[EventType "team-tourn"]
[EventRounds "9"]
[EventCountry "GER"]
[SourceTitle "GER-chT2"]
[Source "ChessBase"]
[SourceDate "1999.07.01"]
[SourceVersion "1"]
[SourceVersionDate "1999.07.01"]
[SourceQuality "1"]
[WhiteTeam "Luebeck"]
[BlackTeam "Lasker Steglitz"]
[WhiteTeamCountry "GER"]
[BlackTeamCountry "GER"]

1. d4 Nf6 2. Nf3 e6 3. g3 c5 4. Bg2 cxd4 5. 0-0 a6 6. Nxd4 Be7 7. c4 Qc7 8. b3 0-0 9. Bb2 d6 10. Nc3 Nbd7 11. e4 Rb8 12. Qe2 Re8 13. Rac1 b6 14. Rfd1 Bb7 15. f4 Rbc8 16. f5 Bf8 17. fxe6 fxe6 18. Bh3 Nc5 19. b4 Ncxe4 20. Nxe4 Nxe4 21. Bxe6+ Kh8 22. Bxc8 Qxc8 23. Qh5 Re5 24. Qh4 Be7 25. Qf4 Bg5 26. Qf3 Nd2 27. Qf2 Be3 28. Rxd2 Qh3 29. Qxe3 Rxe3 30. Rf2 Rxg3+ 0-1

[Event "BL2-Nord 9495"]
[Site "Germany"]
[Date "1995.??.??"]
[Round "4.5"]
[White "Vandrey, Wolfgang"]
[Black "Postler, Reinhard"]
[Result "1-0"]
[WhiteElo "2280"]
[BlackElo "2330"]
[PlyCount "73"]
[EventDate "1994.10.??"]
[EventType "team-tourn"]
[EventRounds "9"]
[EventCountry "GER"]
[SourceTitle "GER-chT2"]
[Source "ChessBase"]
[SourceDate "1999.07.01"]
[SourceVersion "1"]
[SourceVersionDate "1999.07.01"]
[SourceQuality "1"]
[WhiteTeam "Luebeck"]
[BlackTeam "Berlin Rotation"]
[WhiteTeamCountry "GER"]
[BlackTeamCountry "GER"]

1. d4 Nf6 2. Nf3 d5 3. c4 c6 4. Qb3 e6 5. Nc3 Nbd7 6. Bg5 Be7 7. e3 0-0 8. Be2 dxc4 9. Qxc4 Nd5 10. Bxe7 Qxe7 11. 0-0 N5b6 12. Qb3 e5 13. e4 exd4 14. Nxd4 Nf6 15. Rfe1 c5 16. Nf5 Qe5 17. Bf3 Re8 18. Ne3 Be6 19. Qa3 Nc4 20. Nxc4 Bxc4 21. Red1 b6 22. Qa4 Be6 23. Rd2 g5 24. g3 a6 25. Rad1 Rec8 26. Nd5 Bxd5 27. exd5 Qd6 28. Re1 b5 29. Qc2 Re8 30. Rde2 Rxe2 31. Rxe2 Re8 32. Rxe8+ Nxe8 33. Qf5 Nc7 34. Qxg5+ Kf8 35. Qf5 Ke7 36. Qxh7 Nxd5 37. Qe4+ 1-0

[Event "Groningen op"]
[Site "Groningen"]
[Date "1995.??.??"]
[Round "?"]
[White "Vandrey, Wolfgang"]
[Black "Skripchenko, Almira"]
[Result "0-1"]
[WhiteElo "2245"]
[BlackElo "2400"]
[PlyCount "138"]
[EventDate "1995.12.??"]
[EventType "swiss"]
[EventRounds "11"]
[EventCountry "NED"]
[SourceTitle "CBM 050 Extra"]
[Source "ChessBase"]
[SourceDate "1996.03.01"]
[SourceVersion "1"]
[SourceVersionDate "1996.03.01"]
[SourceQuality "1"]

1. d4 Nf6 2. Nf3 g6 3. Bg5 Bg7 4. Nbd2 d5 5. e3 0-0 6. Be2 c6 7. c3 Nbd7 8. 0-0 Re8 9. b4 e5 10. Nb3 a6 11. a3 h6 12. Bxf6 Bxf6 13. c4 exd4 14. Nbxd4 dxc4 15. Bxc4 c5 16. bxc5 Nxc5 17. Rc1 b6 18. Qc2 Kg7 19. Rfd1 Qc7 20. Bd5 Bb7 21. Nb3 Bxd5 22. Rxd5 Qb7 23. Rcd1 Ne4 24. Rd7 Rac8 25. Rxb7 Rxc2 26. Rxb6 Nxf2 27. Rd7 Rxe3 28. Rbb7 Kg8 29. Rb8+ Kg7 30. Rbb7 Nh3+ 31. gxh3 Rxf3 32. Rxf7+ Kg8 33. Rfd7 Bg5 34. Rb8+ Rf8 35. Rxf8+ Kxf8 36. Nd4 Be3+ 37. Kh1 Rc3 38. a4 Ke8 39. Rd5 Kf7 40. Ne2 Rc2 41. Ng3 Ke6 42. Ra5 Rc6 43. Ne4 Bd4 44. Kg2 Be5 45. Nc5+ Ke7 46. Nxa6 Bd6 47. h4 Kd7 48. h5 g5 49. h3 Kc8 50. Rf5 Rxa6 51. Rf6 Kd7 52. Rxh6 Rxa4 53. Rg6 Be7 54. h6 Rh4 55. Ra6 Ke8 56. Rc6 Kf7 57. Ra6 Bf6 58. Ra7+ Kg6 59. h7 Bg7 60. Rb7 Rxh7 61. Ra7 Rh8 62. Ra4 Kf5 63. Ra3 Be5 64. Rf3+ Ke4 65. Rf1 Rb8 66. Re1+ Kf5 67. Rf1+ Bf4 68. Rf3 Rb2+ 69. Kg1 Ke4 0-1

[Event "Berliner Sommer 11th"]
[Site "Berlin"]
[Date "1993.??.??"]
[Round "4"]
[White "Van der Werf, Mark"]
[Black "Vandrey, Wolfgang"]
[Result "1-0"]
[WhiteElo "2405"]
[BlackElo "2305"]
[PlyCount "55"]
[EventDate "1993.08.??"]
[EventType "swiss"]
[EventRounds "9"]
[EventCountry "GER"]
[SourceTitle "TD"]
[Source "ChessBase"]
[SourceDate "1994.03.01"]
[SourceVersion "1"]
[SourceVersionDate "1994.03.01"]
[SourceQuality "1"]

1. Nf3 d5 2. b3 Nf6 3. Bb2 e6 4. e3 Be7 5. c4 0-0 6. d4 Ne4 7. Bd3 f5 8. 0-0 Nc6 9. Nc3 Qe8 10. Ne2 g5 11. Rc1 g4 12. Ne5 Nxe5 13. dxe5 c6 14. Nf4 Ng5 15. f3 gxf3 16. gxf3 Kh8 17. Rc2 dxc4 18. Bxc4 b5 19. Bd3 Bd7 20. Rg2 c5 21. h4 Nf7 22. Bxf5 Bxh4 23. Bxh7 Ng5 24. Bg6 Qe7 25. Be4 Rxf4 26. exf4 Nh7 27. Kh1 Rf8 28. Rh2 1-0

[Event "BL2-Nord 9293"]
[Site "Germany"]
[Date "1993.??.??"]
[Round "?.5"]
[White "Vandrey, Wolfgang"]
[Black "Darnstaedt, Frank"]
[Result "1/2-1/2"]
[WhiteElo "2305"]
[BlackElo "2345"]
[PlyCount "183"]
[EventDate "1992.10.??"]
[EventType "team-tourn"]
[EventRounds "9"]
[EventCountry "GER"]
[SourceTitle "GER-chT2"]
[Source "ChessBase"]
[SourceDate "1999.07.01"]
[SourceVersion "1"]
[SourceVersionDate "1999.07.01"]
[SourceQuality "1"]
[WhiteTeam "Luebeck"]
[BlackTeam "Magdeburg"]
[WhiteTeamCountry "GER"]
[BlackTeamCountry "GER"]

1. d4 Nf6 2. Nf3 g6 3. g3 Bg7 4. Bg2 0-0 5. 0-0 d5 6. Bf4 c6 7. Qc1 Bf5 8. Rd1 Qc8 9. c4 dxc4 10. Qxc4 Nbd7 11. Nc3 Ne4 12. Nh4 Be6 13. Qd3 Nxc3 14. bxc3 Nb6 15. Nf3 Rd8 16. e4 Bh3 17. a4 Bxg2 18. Kxg2 c5 19. a5 Nd7 20. Rab1 b6 21. axb6 axb6 22. Bg5 Re8 23. e5 Ra3 24. Bc1 Ra4 25. Bf4 e6 26. Ng5 Qa8+ 27. Qe4 h6 28. Qxa8 Rexa8 29. Nf3 Ra3 30. Rdc1 Rc8 31. Nd2 cxd4 32. cxd4 Rxc1 33. Rxc1 Rd3 34. Be3 g5 35. Rc7 Nf8 36. Rb7 Ng6 37. Kf3 Bf8 38. Rxb6 Ne7 39. Rb7 Nd5 40. Ne4 Kg7 41. Rb1 Ra3 42. Rc1 Be7 43. h3 Kg6 44. Rc2 Rb3 45. Rc1 Ra3 46. Rc2 Rb3 47. Ke2 Nb4 48. Rc8 Rb2+ 49. Kf3 Nc2 50. g4 Nb4 51. Rg8+ Kh7 52. Rb8 Nd3 53. Rxb2 Nxb2 54. Nd6 Kg8 55. Nc8 Bd8 56. Ke4 f6 57. Nd6 Be7 58. Nb5 Na4 59. d5 exd5+ 60. Kxd5 fxe5 61. Kxe5 Nc5 62. Bxc5 Bxc5 63. f3 Kg7 64. Ke6 Kg6 65. Nc7 Bf2 66. Nd5 Be1 67. Ne7+ Kg7 68. Kf5 Bg3 69. Ng6 Kf7 70. Ne5+ Kg7 71. Ng6 Kf7 72. f4 gxf4 73. Nxf4 Bh4 74. Ng6 Bd8 75. h4 Kg7 76. h5 Bg5 77. Ke6 Kg8 78. Ne7+ Kg7 79. Nc6 Kf8 80. Ne5 Kg7 81. Nf7 Bh4 82. Nd6 Bg5 83. Nf5+ Kf8 84. Nd6 Kg7 85. Ne4 Bh4 86. Nd6 Bg5 87. Nf5+ Kf8 88. Kd7 Kf7 89. Nd6+ Kf8 90. Ke6 Kg7 91. Kd7 Kf8 92. Ke6 1/2-1/2

[Event "Cuxhaven op"]
[Site "Cuxhaven"]
[Date "1993.??.??"]
[Round "4"]
[White "Vandrey, Wolfgang"]
[Black "Kovalev, Andrei"]
[Result "0-1"]
[WhiteElo "2305"]
[BlackElo "2545"]
[PlyCount "116"]
[EventDate "1993.03.??"]
[EventType "swiss"]
[EventRounds "9"]
[EventCountry "GER"]
[SourceTitle "EXT 1997"]
[Source "ChessBase"]
[SourceDate "1996.11.15"]
[SourceVersion "1"]
[SourceVersionDate "1996.11.15"]
[SourceQuality "1"]

1. d4 Nf6 2. Nf3 g6 3. g3 Bg7 4. Bg2 0-0 5. 0-0 d6 6. a4 Nbd7 7. Nc3 e5 8. dxe5 dxe5 9. e4 c6 10. b3 Qa5 11. Qe1 Qc7 12. Ba3 Re8 13. Qe3 Bf8 14. Bxf8 Nxf8 15. a5 Bg4 16. Rfd1 Ne6 17. Rd2 Bxf3 18. Bxf3 Nd4 19. Ne2 c5 20. Kg2 Rad8 21. Nc3 Rd6 22. Ra2 Ra6 23. Nd5 Nxd5 24. exd5 e4 25. Be2 Rxa5 26. Rxa5 Qxa5 27. b4 Qc7 28. g4 Nxe2 29. Rxe2 cxb4 30. Qxa7 Qd7 31. Qd4 Qxg4+ 32. Kf1 Qh3+ 33. Kg1 Qg4+ 34. Kf1 Qh3+ 35. Kg1 Qf5 36. Re3 Qg4+ 37. Kf1 Qf4 38. d6 Rd8 39. d7 Qc7 40. Rxe4 Qxd7 41. Qxd7 Rxd7 42. Rxb4 Re7 43. Rc4 Kg7 44. Kg2 Kf6 45. Kf3 Ke5 46. Rc8 Kd6 47. Rc3 Re5 48. Kg4 Rc5 49. Rd3+ Kc6 50. c3 Rf5 51. f4 h5+ 52. Kf3 b5 53. h4 Kc5 54. Rd7 Kc4 55. Rc7+ Rc5 56. Rxf7 Rc8 57. Rf6 b4 58. Rxg6 b3 0-1

[Event "BL2-Nord 9293"]
[Site "Germany"]
[Date "1993.??.??"]
[Round "?.4"]
[White "Vandrey, Wolfgang"]
[Black "Maxion, Dirk"]
[Result "1-0"]
[WhiteElo "2305"]
[BlackElo "2270"]
[PlyCount "45"]
[EventDate "1992.10.??"]
[EventType "team-tourn"]
[EventRounds "9"]
[EventCountry "GER"]
[SourceTitle "GER-chT2"]
[Source "ChessBase"]
[SourceDate "1999.07.01"]
[SourceVersion "1"]
[SourceVersionDate "1999.07.01"]
[SourceQuality "1"]
[WhiteTeam "Luebeck"]
[BlackTeam "Lasker Steglitz"]
[WhiteTeamCountry "GER"]
[BlackTeamCountry "GER"]

1. d4 Nf6 2. Nf3 g6 3. g3 Bg7 4. Bg2 0-0 5. 0-0 d6 6. a4 Nbd7 7. a5 Rb8 8. Nc3 c6 9. e4 e5 10. dxe5 dxe5 11. Be3 b6 12. axb6 axb6 13. Nd2 Qe7 14. Nc4 Ne8 15. Qd2 Qe6 16. b3 Nc7 17. Rfd1 Bf6 18. Ra7 Bd8 19. Nd6 Ba6 20. Bh6 Nf6 21. Bxf8 Kxf8 22. Ra1 Bc8 23. Nxf7 1-0

[Event "BL2-Nord 9293"]
[Site "Germany"]
[Date "1993.??.??"]
[Round "?.5"]
[White "Vandrey, Wolfgang"]
[Black "Rahls, Peter"]
[Result "1-0"]
[WhiteElo "2305"]
[BlackElo "2285"]
[PlyCount "99"]
[EventDate "1992.10.??"]
[EventType "team-tourn"]
[EventRounds "9"]
[EventCountry "GER"]
[SourceTitle "GER-chT2"]
[Source "ChessBase"]
[SourceDate "1999.07.01"]
[SourceVersion "1"]
[SourceVersionDate "1999.07.01"]
[SourceQuality "1"]
[WhiteTeam "Luebeck"]
[BlackTeam "Zehlendorf"]
[WhiteTeamCountry "GER"]
[BlackTeamCountry "GER"]

1. d4 Nf6 2. Nf3 d6 3. g3 Nbd7 4. Bg2 e5 5. 0-0 e4 6. Ne1 d5 7. c4 c6 8. cxd5 cxd5 9. Nc3 Bb4 10. Qb3 Bxc3 11. Qxc3 0-0 12. Nc2 Nb6 13. b3 Bg4 14. Qd2 Qd7 15. Ne3 Rfc8 16. Ba3 h5 17. Rfc1 a5 18. Bc5 Rc6 19. a4 Qc7 20. Ba3 Nbd7 21. Nxg4 hxg4 22. e3 Qb6 23. Rxc6 bxc6 24. b4 axb4 25. Bxb4 Qb7 26. a5 Nb6 27. Qa2 Nc4 28. Bc3 Ne8 29. Bxe4 Ned6 30. Bd3 Qa6 31. Qe2 f5 32. Bb4 Qc8 33. Bxd6 Nxd6 34. a6 g5 35. Qc2 f4 36. exf4 gxf4 37. Qc1 fxg3 38. Qg5+ Kf8 39. Qh6+ Ke7 40. Qg7+ Kd8 41. hxg3 Ne8 42. Qg5+ Kc7 43. Bf5 Qd8 44. Qxg4 Qf6 45. Bd3 Nd6 46. Rb1 Rf8 47. Qe2 Rb8 48. Rxb8 Kxb8 49. Qb2+ Ka7 50. Qb4 1-0